Actors who worked with Alejandro González Iñárritu - Statistics

General Stats
  • This quiz has been taken 38 times
  • The average score is 18 of 45
Answer Stats
Films Answer % Correct
The Revenant Leonardo DiCaprio
97%
Birdman or (The Unexpected Virtue of Ignorance) Michael Keaton
97%
The Revenant Tom Hardy
97%
Birdman or (The Unexpected Virtue of Ignorance) Edward Norton
94%
Birdman or (The Unexpected Virtue of Ignorance) Emma Stone
94%
Babel Brad Pitt
90%
Birdman or (The Unexpected Virtue of Ignorance) Naomi Watts
81%
21 Grams Naomi Watts
81%
Babel Cate Blanchett
77%
Biutiful Javier Bardem
77%
21 Grams Benicio del Toro
65%
21 Grams Sean Penn
65%
Birdman or (The Unexpected Virtue of Ignorance) Zach Galifianakis
65%
The Revenant Will Poulter
61%
The Revenant Domhnall Gleeson
55%
Babel, Amores Perros Gael García Bernal
52%
Birdman or (The Unexpected Virtue of Ignorance) Andrea Riseborough
42%
Babel Rinko Kikuchi
35%
Birdman or (The Unexpected Virtue of Ignorance) Amy Ryan
32%
21 Grams Melissa Leo
29%
Babel Elle Fanning
26%
Babel Adriana Barraza
23%
21 Grams Eddie Marsan
23%
The Revenant Forrest Goodluck
23%
Birdman or (The Unexpected Virtue of Ignorance) Lindsay Duncan
23%
21 Grams Charlotte Gainsbourg
19%
Babel Michael Peña
19%
BARDO, False Chronicle of a Handful of Truths Daniel Giménez Cacho
16%
21 Grams Danny Huston
16%
Biutiful Eduard Fernández
16%
Amores Perros Goya Toledo
16%
BARDO, False Chronicle of a Handful of Truths Griselda Siciliani
16%
The Revenant Lukas Haas
16%
Amores Perros Álvaro Guerrero
13%
Birdman or (The Unexpected Virtue of Ignorance) Bill Camp
13%
Birdman or (The Unexpected Virtue of Ignorance) Damian Young
13%
Biutiful Guillermo Estrella
13%
Biutiful Hanaa Bouchaib
13%
Biutiful Maricel Álvarez
13%
Birdman or (The Unexpected Virtue of Ignorance) Merritt Wever
13%
Amores Perros Vanessa Bauche
13%
BARDO, False Chronicle of a Handful of Truths Ximena Lamadrid
13%
BARDO, False Chronicle of a Handful of Truths Íker Sánchez Solano
10%
BARDO, False Chronicle of a Handful of Truths Luz Jiménez
10%
21 Grams Carly Nahon
6%
No matching quizzes found
Score Distribution
Percent of People with Each Score
Percentile by Number Answered
Your Score History
You have not taken this quiz